00777nam a2200205 a 4500001001000000003000400010005001700014008004100031020001800072040002500090082001500115100002600130245009800156260004000254300002100294500007000315500007200385500007100457700004300528000037747OSt20240302073953.0130305s2012 dr 000 0 spa d a9789945489156 aDO-SdBNPbspacBNPHU axxxxbxxxx1 aCordero, Tuliod1955-10aHilo de fuego :bantologa poética /cTulio Cordero ; introducción Bruno Rosario Candelier aSanto Domingo, :bSantuario,c2012. a198 p. ;c23 cm. aIncluye datos biográficos del autor en la solapa de la cubierta aEl ejemplar número 1 esta dedicado a Chiqui Vicioso por el autor. aEl ejemplar número 5 esta dedicado a Pura Emeterio por el autor.12aRosario Candelier, Bruno,d1941-eint.